Vývojové trendy v oblasti vzdelávania
Generácie digitálneho veku. Úlohy učiteľa a študenta v procese moderného učenia sa. Úloha IKT v procese zefektívňovania vzdelávacieho procesu. Vybrané vývojové trendy vzdelávania. Sociálne siete, mobilný e-learning, gamifikácia vo vzdelávaní.
Gespeichert in:
| 1. Verfasser: | |
|---|---|
| Format: | Buchkapitel |
| Sprache: | Slowakisch |
| Schlagworte: | |
| Tags: |
Keine Tags, Fügen Sie das erste Tag hinzu!
|
MARC
| LEADER | 00000nla a2200000 4500 | ||
|---|---|---|---|
| 001 | 0224190 | ||
| 005 | 20240502073653.6 | ||
| 041 | 0 | |a slo | |
| 044 | |a SK | ||
| 245 | 1 | 0 | |a Vývojové trendy v oblasti vzdelávania |c Magdaléna Cárachová |
| 520 | |a Generácie digitálneho veku. Úlohy učiteľa a študenta v procese moderného učenia sa. Úloha IKT v procese zefektívňovania vzdelávacieho procesu. Vybrané vývojové trendy vzdelávania. Sociálne siete, mobilný e-learning, gamifikácia vo vzdelávaní. | ||
| 610 | 2 | 0 | |a vzdelávanie |
| 610 | 2 | 0 | |a vzdelávanie elektronické |
| 610 | 2 | 0 | |a vzdelávanie celoživotné |
| 610 | 2 | 0 | |a technológie informačné |
| 610 | 2 | 0 | |a technológie komunikačné |
| 610 | 2 | 0 | |a siete sociálne |
| 610 | 2 | 0 | |a telefón mobilný |
| 610 | 2 | 0 | |a spoločnosť informačná |
| 100 | 1 | |a Cárachová, Magdaléna | |